| 000 | 00722nam a22002297a 4500 | ||
|---|---|---|---|
| 003 | OSt | ||
| 005 | 20150810180024.0 | ||
| 008 | 141006b xxu||||| |||| 00| 0 eng d | ||
| 020 | _a950-07-0833-7 | ||
| 040 | _cBMC | ||
| 082 | _a658.04 | ||
| 100 | 1 |
_aDrucker, Peter F. _926180 _d1909-2005 |
|
| 245 | 1 | 0 |
_aAdministración para el futuro _b: de los 90 en adelante _cPeter F. Drucker ; traducción, Silvia Lerendegui |
| 250 | _a2ª ed | ||
| 260 |
_aBuenos Aires _bEditorial Sudamericana _ccop. 1993 |
||
| 300 |
_a379 p. _c23 cm. |
||
| 500 | _aÍndice: p. 277-279 | ||
| 595 | _aTraducción de : Managing for the future | ||
| 650 | 2 | 4 |
_93341 _aGestión de empresas |
| 700 | 1 |
_925397 _aLerendegui, Silvia |
|
| 942 |
_2ddc _cBK |
||
| 999 |
_c14414 _d14414 |
||